Global Trade in Pharmaceuticals: Regionalization of Global Value Chains?

Preskúmanie trendov offshoringu/nearshoringu v globálnom obchode s farmaceutickými výrobkami.

Na minha lista:
Detalhes bibliográficos
Autor principal: Kališ, Richard, 1991-
Outros Autores: Lábaj, Martin, 1982-, Majzlíková, Erika, 1993-
Formato: Capítulo de Livro
Idioma:inglês
Assuntos:
Tags: Adicionar Tag
Sem tags, seja o primeiro a adicionar uma tag!

MARC

LEADER 00000naa$a2200000$$$4500
001 0306053
005 20250110124303.0
041 0 |a eng 
044 |a CZ 
245 1 0 |a Global Trade in Pharmaceuticals: Regionalization of Global Value Chains?  |c Richard Kališ, Martin Lábaj, Erika Majzlíková 
520 |a Preskúmanie trendov offshoringu/nearshoringu v globálnom obchode s farmaceutickými výrobkami. 
610 2 0 |a farmakológia 
610 2 0 |a priemysel farmaceutický 
610 2 0 |a reťazce hodnotové globálne 
610 2 0 |a obchod medzinárodný 
610 2 0 |a obchod svetový 
610 2 0 |a regionalizácia 
610 2 0 |a input-output 
100 1 |a Kališ, Richard, 1991- 
700 1 |a Lábaj, Martin, 1982- 
700 1 |a Majzlíková, Erika, 1993-